[Event "NOE Landesliga 2017/2018"]
[Site "verschiedene"]
[Date "2018.03.18"]
[Round "10"]
[Board "3"]
[White "Plasil, Jiri"]
[Black "Haas, Bernhard"]
[Result "1-0"]
[WhiteElo "2069"]
[BlackElo "2002"]
[PlyCount "67"]
[EventDate "2017.10.01"]
[EventType "team"]
[EventRounds "11"]
[EventCountry "AUT"]
[WhiteTeam "SG Litschau/Eisgarn"]
[BlackTeam "ASK Kottingbrunn"]

1. d4 Nf6 2. Nf3 g6 3. c4 Bg7 4. Nc3 d6 5. e4 O-O 6. h3 c5 7. d5 e6 8. Bd3 Na6
9. O-O exd5 10. exd5 Nc7 11. a4 b6 12. Be3 a6 13. Qd2 Re8 14. Bg5 Qd7 15. Rae1
Bb7 16. Rxe8+ Rxe8 17. Re1 Rxe1+ 18. Qxe1 b5 19. axb5 axb5 20. b3 h6 21. Bf4
Nh5 22. Bd2 f5 23. Nh4 Qf7 24. Qe2 Be5 25. Nxb5 Nxb5 26. cxb5 Bxd5 27. Bc4 Bxc4
28. bxc4 g5 29. Nf3 Nf4 30. Bxf4 Bxf4 31. g3 Bc1 32. Qd3 Qe6 33. Qd5 Kf7 34. b6
 1-0

[Event "NOE Landesliga 2017/2018"]
[Site "verschiedene"]
[Date "2018.03.18"]
[Round "10"]
[Board "4"]
[White "Dittel, Herbert"]
[Black "Popelka, Oldrich"]
[Result "1-0"]
[WhiteElo "2064"]
[BlackElo "2123"]
[PlyCount "92"]
[EventDate "2017.10.01"]
[EventType "team"]
[EventRounds "11"]
[EventCountry "AUT"]
[WhiteTeam "ASK Kottingbrunn"]
[BlackTeam "SG Litschau/Eisgarn"]

1. d4 Nf6 2. Nf3 g6 3. c4 Bg7 4. Nc3 d6 5. e4 O-O 6. Be2 Bg4 7. O-O Nfd7 8. Be3
Nc6 9. d5 Bxf3 10. Bxf3 Na5 11. Be2 Bxc3 12. bxc3 e5 13. dxe6 fxe6 14. f4 Qe7
15. Qd2 b6 16. Rae1 Rae8 17. Bd3 Nb7 18. f5 Ne5 19. Bh6 Rf7 20. fxg6 hxg6 21.
Rxf7 Qxf7 22. Rf1 Qh7 23. Bf4 Nc5 24. Be2 Qg7 25. Qe3 Rf8 26. h4 Kh7 27. g3 Nf7
28. g4 e5 29. Bg3 Nd8 30. g5 Nde6 31. Rxf8 Qxf8 32. Kg2 Qf7 33. Qf3 Nf4+ 34.
Bxf4 exf4 35. Bd3 Nd7 36. Be2 Ne5 37. Qh3 f3+ 38. Bxf3 Qxc4 39. h5 Qxa2+ 40.
Kg3 gxh5 41. Qxh5+ Kg8 42. g6 Kf8 43. Qh6+ Ke7 44. Qg7+ Ke8 45. Qh8+ Ke7 46.
Qh7+ Ke8  1-0

[Event "NOE Landesliga 2017/2018"]
[Site "verschiedene"]
[Date "2018.03.18"]
[Round "10"]
[Board "1"]
[White "Sandhoefner, Florian"]
[Black "Groetz, Harald"]
[Result "1/2-1/2"]
[WhiteElo "2267"]
[BlackElo "2335"]
[PlyCount "92"]
[EventDate "2017.10.01"]
[EventType "team"]
[EventRounds "11"]
[EventCountry "AUT"]
[WhiteTeam "SV Amstetten"]
[BlackTeam "SV Stockerau"]

1. d4 d5 2. c4 c6 3. Nf3 Nf6 4. Nc3 dxc4 5. a4 Bf5 6. Ne5 Nbd7 7. Nxc4 Nb6 8.
Ne5 a5 9. f3 Nfd7 10. e4 Nxe5 11. exf5 Nec4 12. b3 Nd6 13. Bd3 g6 14. fxg6 hxg6
15. Qc2 Bg7 16. Be3 Qd7 17. Rd1 Nf5 18. Bxf5 gxf5 19. O-O Nd5 20. Nxd5 Qxd5 21.
Rfe1 e6 22. Qc5 Rd8 23. Qb6 Rd7 24. h3 Bf6 25. Rd3 O-O 26. Rc1 Bd8 27. Qa7 Qd6
28. Kf1 Qe7 29. Ke2 Rd5 30. Rc5 Re8 31. f4 Qd7 32. Kf2 Re7 33. Rxd5 Qxd5 34.
Qc5 Qe4 35. Rd2 Rd7 36. g3 Qh1 37. h4 Qh2+ 38. Kf3 Qh1+ 39. Kf2 Qh2+ 40. Kf3
Qh3 41. Kf2 Rd5 42. Qa7 b6 43. Qa6 Qh2+ 44. Kf3 Qh1+ 45. Kf2 Qh2+ 46. Kf3 Qh1+
 1/2-1/2

[Event "NOE Landesliga 2017/2018"]
[Site "verschiedene"]
[Date "2018.03.18"]
[Round "10"]
[Board "2"]
[White "Piringer, Florian"]
[Black "Rumpl, Erwin"]
[Result "0-1"]
[WhiteElo "2183"]
[BlackElo "2295"]
[PlyCount "140"]
[EventDate "2017.10.01"]
[EventType "team"]
[EventRounds "11"]
[EventCountry "AUT"]
[WhiteTeam "SV Stockerau"]
[BlackTeam "SV Amstetten"]

1. d4 e6 2. Nf3 Nf6 3. Bf4 b6 4. Nbd2 Bb7 5. e3 d6 6. h3 Nbd7 7. Bd3 g6 8. O-O
Bg7 9. e4 O-O 10. c3 h6 11. Qe2 e5 12. Bh2 Qe7 13. Rfe1 Nh5 14. a4 a5 15. Rad1
Rfd8 16. Nc4 Re8 17. Ne3 Qf6 18. Ng4 Qe7 19. dxe5 Nxe5 20. Nfxe5 dxe5 21. Bb5
Red8 22. Ne3 Nf6 23. Ng4 Rxd1 24. Nxf6+ Bxf6 25. Rxd1 Rd8 26. Rd3 Kg7 27. Qd1
Rxd3 28. Qxd3 Qc5 29. Kf1 Be7 30. f3 Qd6 31. Ke2 h5 32. Qxd6 Bxd6 33. h4 Bc8
34. Bg1 Be6 35. Kd2 Bb3 36. Be3 Be7 37. Bg5 Bxg5+ 38. hxg5 f6 39. gxf6+ Kxf6
40. c4 h4 41. Kc3 Bd1 42. c5 bxc5 43. Kd2 Bb3 44. Kd3 g5 45. Kc3 Bd1 46. Kd2 h3
47. gxh3 Bxf3 48. Ke3 Bd1 49. Kd2 Bb3 50. Kc3 Be6 51. Bf1 Ke7 52. b3 Kd6 53.
Kc2 Kc6 54. Kc3 Kb6 55. Bg2 c4 56. b4 axb4+ 57. Kxb4 c5+ 58. Kc3 Ka5 59. Bf1
Kxa4 60. Be2 Kb5 61. Bf1 Kc6 62. Bg2 Kd6 63. Bf1 Ke7 64. Bg2 Kf6 65. Bf1 Kg6
66. Be2 Bxh3 67. Kxc4 g4 68. Kxc5 Kg5 69. Kd5 Kf4 70. Bxg4 Bxg4  0-1

[Event "NOE Landesliga 2017/2018"]
[Site "verschiedene"]
[Date "2018.03.18"]
[Round "10"]
[Board "3"]
[White "Wadsack, Winfried"]
[Black "Schmid, Thomas"]
[Result "0-1"]
[WhiteElo "2127"]
[BlackElo "2103"]
[PlyCount "124"]
[EventDate "2017.10.01"]
[EventType "team"]
[EventRounds "11"]
[EventCountry "AUT"]
[WhiteTeam "SV Amstetten"]
[BlackTeam "SV Stockerau"]

1. e4 c5 2. c3 d5 3. exd5 Qxd5 4. d4 Nf6 5. Nf3 Bg4 6. Be2 e6 7. h3 Bh5 8. O-O
Nc6 9. Na3 cxd4 10. Nb5 Rc8 11. Nbxd4 Nxd4 12. Nxd4 Bxe2 13. Qxe2 a6 14. Rd1
Be7 15. Nb3 Qe4 16. Be3 O-O 17. Rd4 Qc6 18. Na5 Qc7 19. Nc4 b5 20. Bf4 Qa7 21.
Ne5 Nd5 22. Bg3 b4 23. Rc4 bxc3 24. Nc6 cxb2 25. Qxb2 Bf6 26. Be5 Bxe5 27. Qxe5
Qc7 28. Qxc7 Rxc7 29. Rac1 g6 30. a3 Kg7 31. Nb4 Rxc4 32. Rxc4 Nxb4 33. Rxb4
Rd8 34. Rb6 a5 35. Ra6 Rd5 36. Ra7 h5 37. h4 Kf6 38. g3 e5 39. Kf1 e4 40. Ke2
Ke6 41. a4 f6 42. f3 exf3+ 43. Kxf3 Rc5 44. Kg2 Kf5 45. Kh3 Ke4 46. Ra6 Rf5 47.
Kg2 Kd4 48. Rc6 g5 49. hxg5 fxg5 50. Rh6 Kc5 51. Rxh5 Kb4 52. Kh3 Kxa4 53. Kg4
Rb5 54. Rh8 Kb3 55. Re8 a4 56. Re3+ Kc2 57. Re2+ Kd3 58. Ra2 Ra5 59. Ra3+ Kc4
60. Rxa4+ Rxa4 61. Kxg5 Kd5 62. Kf5 Kd6  0-1

[Event "NOE Landesliga 2017/2018"]
[Site "verschiedene"]
[Date "2018.03.18"]
[Round "10"]
[Board "4"]
[White "Pernerstorfer, Johannes"]
[Black "Dumancic, Pero"]
[Result "0-1"]
[WhiteElo "2074"]
[BlackElo "2085"]
[PlyCount "66"]
[EventDate "2017.10.01"]
[EventType "team"]
[EventRounds "11"]
[EventCountry "AUT"]
[WhiteTeam "SV Stockerau"]
[BlackTeam "SV Amstetten"]

1. e4 e6 2. d4 d5 3. Nc3 c6 4. Nf3 Nd7 5. Bd3 dxe4 6. Nxe4 Ngf6 7. O-O Nxe4 8.
Bxe4 Nf6 9. Bd3 h6 10. Bf4 Be7 11. Qd2 b6 12. Rad1 Bb7 13. Rfe1 Nd5 14. c4 Bb4
15. Qc1 Nxf4 16. Qxf4 Bxe1 17. Rxe1 Qf6 18. Qe4 O-O-O 19. c5 bxc5 20. Rc1 Rd5
21. Qe2 Qf4 22. Rc4 cxd4 23. Be4 Rhd8 24. Ne1 Re5 25. f3 Qe3+ 26. Qxe3 dxe3 27.
Rc3 Rd1 28. Kf1 Ba6+ 29. Bd3 Bxd3+ 30. Rxd3 Kc7 31. Ra3 Kb6 32. Rb3+ Rb5 33.
Rd3 Rxb2  0-1

[Event "NOE Landesliga 2017/2018"]
[Site "verschiedene"]
[Date "2018.04.15"]
[Round "11"]
[Board "1"]
[White "Polak, Tomas"]
[Black "Bauer, Thomas"]
[Result "1-0"]
[WhiteElo "2513"]
[BlackElo "2178"]
[PlyCount "187"]
[EventDate "2017.10.01"]
[EventType "team"]
[EventRounds "11"]
[EventCountry "AUT"]
[WhiteTeam "SV Stockerau"]
[BlackTeam "SG Litschau/Eisgarn"]

1. d4 Nf6 2. c4 e6 3. Nf3 c5 4. d5 exd5 5. cxd5 d6 6. Nc3 g6 7. h3 Bg7 8. e4
O-O 9. Bg5 Nbd7 10. Bd3 h6 11. Be3 Re8 12. O-O a6 13. a4 b6 14. Re1 Ra7 15. Rb1
Nh7 16. Qd2 Ne5 17. Nxe5 Bxe5 18. Ne2 Qh4 19. f4 Bg7 20. b4 f5 21. exf5 Bxf5
22. Bxf5 gxf5 23. Bf2 Qd8 24. a5 Nf6 25. Ng3 Rxe1+ 26. Rxe1 bxa5 27. bxc5 dxc5
28. Bxc5 Rb7 29. Nxf5 Qxd5 30. Re8+ Kh7 31. Qc2 Rb2 32. Qxb2 Qxc5+ 33. Re3 Qxf5
34. Qe5 Qb1+ 35. Re1 Qb6+ 36. Kh1 Qf2 37. Qf5+ Kh8 38. Rc1 Ng8 39. Rc7 Qb2 40.
Qe4 a4 41. Qxa4 Qf2 42. Qe4 a5 43. Rd7 Qb6 44. Qd5 Qa6 45. Kh2 Qf6 46. Qe4 Qf8
47. Qc4 Qb4 48. Qf7 Qf8 49. Qc4 Qb4 50. Qc7 Qc3 51. Qa7 Qf6 52. Qb8 Kh7 53. Ra7
Qc3 54. Ra6 Qc4 55. Rxa5 Nf6 56. Ra7 Qe4 57. Ra3 Nd5 58. Rf3 Ne3 59. Qd6 Nf5
60. Qd3 Qxd3 61. Rxd3 Kg6 62. g3 Bf6 63. Kg2 Nd4 64. Ra3 Nc2 65. Ra5 Ne3+ 66.
Kf3 Nf5 67. Ra6 Kg7 68. g4 Nd4+ 69. Ke4 Ne2 70. Rd6 Kf7 71. Ke3 Nc3 72. Kd3 Nd1
73. Ke4 Nf2+ 74. Kf5 Bg7 75. Rd7+ Kg8 76. h4 Nh3 77. Rd3 Nf2 78. Rd2 Nh3 79.
Rh2 Ng1 80. Ke4 Bd4 81. Rd2 Bc5 82. Rc2 Be7 83. h5 Kf7 84. Rc6 Bf6 85. Kf5 Bg7
86. Rc7+ Kg8 87. g5 Ne2 88. Rc8+ Bf8 89. gxh6 Kf7 90. h7 Nd4+ 91. Ke4 Bg7 92.
h6 Nb5 93. hxg7 Nd6+ 94. Kd5  1-0

[Event "NOE Landesliga 2017/2018"]
[Site "verschiedene"]
[Date "2018.04.15"]
[Round "11"]
[Board "2"]
[White "Wagner, Stefan"]
[Black "Groetz, Harald"]
[Result "1/2-1/2"]
[WhiteElo "2150"]
[BlackElo "2335"]
[PlyCount "93"]
[EventDate "2017.10.01"]
[EventType "team"]
[EventRounds "11"]
[EventCountry "AUT"]
[WhiteTeam "SG Litschau/Eisgarn"]
[BlackTeam "SV Stockerau"]

1. c4 e5 2. g3 Nc6 3. Bg2 g6 4. Nc3 Bg7 5. e4 d6 6. d3 Nge7 7. Nge2 O-O 8. O-O
Be6 9. Nd5 f5 10. Be3 Qd7 11. Qd2 Rf7 12. Rad1 f4 13. gxf4 Bh3 14. f3 Raf8 15.
d4 Nxd5 16. cxd5 Nxd4 17. Nxd4 exd4 18. Bxd4 Bxd4+ 19. Qxd4 Rxf4 20. Qe3 Bxg2
21. Kxg2 Qe7 22. Rf2 Qg5+ 23. Kh1 Qf6 24. Rdf1 b6 25. Qc3 Qxc3 26. bxc3 Kg7 27.
Kg2 Kf6 28. Kg3 g5 29. h3 Ke5 30. Rb1 h5 31. Rh1 a5 32. a4 R8f7 33. Kg2 Rg7 34.
Kg3 Rg8 35. Rd2 Rf7 36. Re2 Rgf8 37. Rf2 Rf4 38. Kg2 Kf6 39. Kg3 Kg6 40. Rhf1
Re8 41. Rh1 Rf7 42. Re2 Rfe7 43. Rg1 Re5 44. Kf2 Rf8 45. Ke3 Rf4 46. Reg2 Kh6
47. Ke2  1/2-1/2

[Event "NOE Landesliga 2017/2018"]
[Site "verschiedene"]
[Date "2018.04.15"]
[Round "11"]
[Board "3"]
[White "Piringer, Florian"]
[Black "Plasil, Jiri"]
[Result "1/2-1/2"]
[WhiteElo "2183"]
[BlackElo "2069"]
[PlyCount "112"]
[EventDate "2017.10.01"]
[EventType "team"]
[EventRounds "11"]
[EventCountry "AUT"]
[WhiteTeam "SV Stockerau"]
[BlackTeam "SG Litschau/Eisgarn"]

1. d4 d5 2. Bf4 Nf6 3. e3 Bf5 4. Nf3 h6 5. h3 c6 6. c4 e6 7. Be2 Bxb1 8. Qxb1
Qa5+ 9. Kf1 dxc4 10. Bxc4 Nbd7 11. Ke2 Be7 12. a3 Nd5 13. Bh2 O-O 14. Rc1 Rac8
15. Rc2 Qd8 16. Qd1 N7b6 17. Ba2 Bd6 18. Bxd6 Qxd6 19. Rac1 Rcd8 20. Kf1 Qe7
21. Qe2 Qf6 22. Kg1 Rfe8 23. Ne5 Nd7 24. f4 Nxe5 25. fxe5 Qg5 26. Re1 Rd7 27.
b4 a6 28. Qf3 Rf8 29. Qe4 Qf5 30. Qxf5 exf5 31. Rf2 g6 32. g3 Kg7 33. Rc2 Re8
34. Kf2 f6 35. Bxd5 Rxd5 36. exf6+ Kxf6 37. Rc5 Red8 38. Ke2 Ke6 39. Kd3 Kd6
40. g4 Re8 41. gxf5 gxf5 42. Rg1 Re6 43. Rg8 Rf6 44. h4 Ke6 45. e4 fxe4+ 46.
Kxe4 Rd7 47. Rh5 Kf7 48. Rh8 Kg7 49. Rb8 Rfd6 50. Ke3 Kg6 51. Re5 Rxd4 52. Rxb7
Rd3+ 53. Ke2 Rd2+ 54. Ke3 R2d3+ 55. Ke2 Rd2+ 56. Ke1 Rd1+  1/2-1/2

[Event "NOE Landesliga 2017/2018"]
[Site "verschiedene"]
[Date "2018.04.15"]
[Round "11"]
[Board "4"]
[White "Popelka, Oldrich"]
[Black "Schmid, Thomas"]
[Result "1/2-1/2"]
[WhiteElo "2123"]
[BlackElo "2103"]
[PlyCount "73"]
[EventDate "2017.10.01"]
[EventType "team"]
[EventRounds "11"]
[EventCountry "AUT"]
[WhiteTeam "SG Litschau/Eisgarn"]
[BlackTeam "SV Stockerau"]

1. c4 e5 2. Nc3 Nc6 3. g3 g6 4. Bg2 Bg7 5. Nf3 d6 6. d3 Nf6 7. O-O O-O 8. Rb1
a5 9. a3 h6 10. b4 axb4 11. axb4 Be6 12. b5 Ne7 13. Qc2 Nd7 14. Nd2 c6 15. Qb3
Nc5 16. Qb4 Qd7 17. Nde4 Nxe4 18. Nxe4 Nf5 19. Ba3 Nd4 20. Qxd6 Nxe2+ 21. Kh1
Rfd8 22. Bb4 cxb5 23. Qxd7 Bxd7 24. Nc5 Bc6 25. Nxb7 Bxg2+ 26. Kxg2 Rxd3 27.
cxb5 Rb8 28. Nc5 Rd5 29. Na6 Rb7 30. Bc5 Bf8 31. Bxf8 Kxf8 32. Rb2 Rdxb5 33.
Rxe2 Ra5 34. Rc1 Rxa6 35. Rxe5 Rb2 36. Re3 Rf6 37. Rf3  1/2-1/2

[Event "NOE Landesliga 2017/2018"]
[Site "verschiedene"]
[Date "2018.04.15"]
[Round "11"]
[Board "1"]
[White "Schroll, Gerhard"]
[Black "Blatny, Pavel"]
[Result "1/2-1/2"]
[WhiteElo "2298"]
[BlackElo "2351"]
[PlyCount "29"]
[EventDate "2017.10.01"]
[EventType "team"]
[EventRounds "11"]
[EventCountry "AUT"]
[WhiteTeam "ASK Kottingbrunn"]
[BlackTeam "SK Zwettl"]

1. e4 g6 2. d4 c6 3. c4 d5 4. Nc3 dxe4 5. Nxe4 Bg7 6. Nf3 Bg4 7. Be3 Bxf3 8.
Qxf3 Bxd4 9. O-O-O Bxe3+ 10. Qxe3 Nd7 11. Nd6+ Kf8 12. Nxb7 Qc7 13. Nc5 Nxc5
14. Qxc5 Nf6 15. Be2  1/2-1/2

[Event "NOE Landesliga 2017/2018"]
[Site "verschiedene"]
[Date "2018.04.15"]
[Round "11"]
[Board "2"]
[White "Buchnicek, Petr"]
[Black "Miazhynski, Yuri"]
[Result "1-0"]
[WhiteElo "2325"]
[BlackElo "2104"]
[PlyCount "83"]
[EventDate "2017.10.01"]
[EventType "team"]
[EventRounds "11"]
[EventCountry "AUT"]
[WhiteTeam "SK Zwettl"]
[BlackTeam "ASK Kottingbrunn"]

1. e4 c5 2. c3 Nf6 3. e5 Nd5 4. d4 cxd4 5. cxd4 d6 6. f4 Nc6 7. Nc3 dxe5 8.
fxe5 e6 9. Nf3 Be7 10. Bd3 b6 11. O-O Bb7 12. Ne4 h6 13. a3 Qd7 14. b4 a5 15.
b5 Na7 16. Qe2 O-O-O 17. Bd2 Kb8 18. Rfc1 Rc8 19. a4 f5 20. exf6 gxf6 21. Ng3
Bd6 22. Nh5 Rhg8 23. Rxc8+ Nxc8 24. Re1 Qf7 25. Qxe6 Rxg2+ 26. Kxg2 Qxh5 27.
Be4 Bb4 28. Bxd5 Bxd5 29. Bf4+ Ka7 30. Qd7+ Bb7 31. Re3 Qg6+ 32. Kf2 Qc2+ 33.
Re2 Qxa4 34. d5 Bc5+ 35. Kg3 Qb3 36. Re8 Ne7 37. Bb8+ Ka8 38. Bd6+ Ka7 39. Bxc5
Nxd5 40. Bd6 Nc7 41. Bxc7 Qxf3+ 42. Kh4  1-0

[Event "NOE Landesliga 2017/2018"]
[Site "verschiedene"]
[Date "2018.04.15"]
[Round "11"]
[Board "3"]
[White "Wirius, Johannes"]
[Black "Zwettler, Martin"]
[Result "1/2-1/2"]
[WhiteElo "2191"]
[BlackElo "2224"]
[PlyCount "124"]
[EventDate "2017.10.01"]
[EventType "team"]
[EventRounds "11"]
[EventCountry "AUT"]
[WhiteTeam "ASK Kottingbrunn"]
[BlackTeam "SK Zwettl"]

1. c4 c5 2. Nc3 g6 3. d3 Bg7 4. Bd2 Nc6 5. g3 e6 6. Bg2 Nge7 7. Nf3 b6 8. O-O
Bb7 9. Qc1 O-O 10. Bh6 d6 11. Rb1 Qd7 12. a3 Rac8 13. b4 Bxh6 14. Qxh6 Nf5 15.
Qh3 Ncd4 16. Ng5 f6 17. Bxb7 Qxb7 18. Nge4 cxb4 19. axb4 d5 20. Nd2 dxc4 21.
dxc4 Rfd8 22. Rb2 Kg7 23. Ra1 Rd7 24. Rba2 Nc6 25. Nb3 Qa8 26. Ra4 Ncd4 27. Nd2
Rcc7 28. R4a2 h5 29. Qg2 Qd8 30. Qe4 Nc6 31. Nb5 Rxd2 32. Rxd2 Rd7 33. Qxc6
Rxd2 34. Rxa7+ Kh6 35. Qxe6 Rb2 36. Kg2 Qd2 37. h4 Qxe2 38. Qxe2 Rxe2 39. Ra6
Rb2 40. Rxb6 Ne3+ 41. Kf3 Nxc4 42. Rxf6 Rxb4 43. Nc7 Ne5+ 44. Kg2 Ng4 45. Rf8
Rb7 46. Ne6 Kh7 47. Nd8 Re7 48. Rf7+ Rxf7 49. Nxf7 Kg7 50. Ng5 Kf6 51. f3 Ne3+
52. Kf2 Nd5 53. f4 Ne7 54. Kf3 Nf5 55. Ne4+ Ke6 56. Nc3 Kf6 57. Nd5+ Ke6 58.
Ne3 Kf6 59. Nxf5 gxf5 60. Ke3 Ke6 61. Kd4 Kd6 62. Kc4 Kc6  1/2-1/2

[Event "NOE Landesliga 2017/2018"]
[Site "verschiedene"]
[Date "2018.04.15"]
[Round "11"]
[Board "4"]
[White "Mlynek, Petr"]
[Black "Lechner, Daniel"]
[Result "1/2-1/2"]
[WhiteElo "2135"]
[BlackElo "2192"]
[PlyCount "57"]
[EventDate "2017.10.01"]
[EventType "team"]
[EventRounds "11"]
[EventCountry "AUT"]
[WhiteTeam "SK Zwettl"]
[BlackTeam "ASK Kottingbrunn"]

1. d4 Nf6 2. c4 g6 3. Nf3 Bg7 4. g3 O-O 5. Bg2 d5 6. cxd5 Nxd5 7. O-O Nb6 8.
Nc3 Nc6 9. d5 Na5 10. Qc2 c6 11. dxc6 Nxc6 12. Rd1 Bd7 13. Bf4 Rc8 14. Rac1 Qe8
15. Qb1 a6 16. b3 Bf5 17. e4 Bg4 18. Be3 Nd7 19. h3 Bxf3 20. Bxf3 Bxc3 21. Rxc3
Nce5 22. Rxc8 Nxf3+ 23. Kg2 Qxc8 24. Kxf3 Nf6 25. Kg2 Qe6 26. Rd4 h5 27. Qd3
Kg7 28. Bg5 Rc8 29. Bxf6+  1/2-1/2

[Event "NOE Landesliga 2017/2018"]
[Site "verschiedene"]
[Date "2018.04.15"]
[Round "11"]
[Board "1"]
[White "Lovrinovic, Christian"]
[Black "Mikes, Jan"]
[Result "0-1"]
[WhiteElo "2139"]
[BlackElo "2233"]
[PlyCount "112"]
[EventDate "2017.10.01"]
[EventType "team"]
[EventRounds "11"]
[EventCountry "AUT"]
[WhiteTeam "KSV Boehlerwerk"]
[BlackTeam "SV Mistelbach"]

1. d4 Nf6 2. c4 g6 3. Nc3 Bg7 4. e4 d6 5. Nf3 O-O 6. Be2 e5 7. O-O Nc6 8. d5
Ne7 9. b4 Ne8 10. c5 f5 11. a4 Nf6 12. Nd2 f4 13. Nc4 g5 14. Nb5 Ne8 15. Ba3
Ng6 16. Rc1 Rf7 17. Bg4 Bxg4 18. Qxg4 f3 19. g3 Nf6 20. Qxf3 a6 21. Nbxd6 cxd6
22. Nxd6 Rc7 23. Nf5 Qd7 24. d6 Rcc8 25. Qb3+ Kh8 26. Qc2 Rf8 27. f3 Rac8 28.
Qb3 g4 29. b5 gxf3 30. Qxf3 axb5 31. axb5 Qxb5 32. h4 h5 33. d7 Qxd7 34. c6
Rxc6 35. Rxc6 Qxc6 36. Bxf8 Bxf8 37. Re1 Ng4 38. Kg2 Bc5 39. Qd3 Bb6 40. Qd2
Qa4 41. Re2 Qc4 42. Qa2 Qxa2 43. Rxa2 Bc5 44. Ra8+ Nf8 45. Rb8 b6 46. Kf3 Kg8
47. Ke2 Kf7 48. Rb7+ Kf6 49. Kf3 Ne6 50. Rh7 Kg6 51. Rb7 Nd4+ 52. Nxd4 exd4 53.
Rc7 Ne5+ 54. Ke2 d3+ 55. Kd1 Bb4 56. Rb7 Nc4  0-1

[Event "NOE Landesliga 2017/2018"]
[Site "verschiedene"]
[Date "2018.04.15"]
[Round "11"]
[Board "2"]
[White "Hofmann, Thomas"]
[Black "Mostbauer, Florian"]
[Result "1/2-1/2"]
[WhiteElo "2244"]
[BlackElo "2265"]
[PlyCount "33"]
[EventDate "2017.10.01"]
[EventType "team"]
[EventRounds "11"]
[EventCountry "AUT"]
[WhiteTeam "SV Mistelbach"]
[BlackTeam "KSV Boehlerwerk"]

1. b3 e5 2. Bb2 Nc6 3. e3 d5 4. Bb5 Nge7 5. Nf3 e4 6. Ne5 a6 7. Nxc6 Nxc6 8.
Bxc6+ bxc6 9. Qh5 Be6 10. O-O Qd7 11. d3 exd3 12. cxd3 Be7 13. Qe2 O-O 14. Nc3
Rfe8 15. Rac1 Bd6 16. Na4 Bf5 17. Bd4  1/2-1/2

[Event "NOE Landesliga 2017/2018"]
[Site "verschiedene"]
[Date "2018.04.15"]
[Round "11"]
[Board "3"]
[White "Strobel, Ferdinand"]
[Black "Vrana, Frantisek"]
[Result "0-1"]
[WhiteElo "2036"]
[BlackElo "2253"]
[PlyCount "59"]
[EventDate "2017.10.01"]
[EventType "team"]
[EventRounds "11"]
[EventCountry "AUT"]
[WhiteTeam "KSV Boehlerwerk"]
[BlackTeam "SV Mistelbach"]

1. f4 d5 2. Nf3 Nf6 3. e3 g6 4. d4 Bg7 5. Bd3 O-O 6. O-O c5 7. c3 c4 8. Bc2 Bf5
9. Nbd2 Nbd7 10. Ne5 Nb6 11. g4 Bxc2 12. Qxc2 Nc8 13. b3 cxb3 14. axb3 Nd6 15.
c4 Qc8 16. Qd1 Nfe8 17. c5 Nb5 18. Bb2 f6 19. Nd3 f5 20. g5 Qe6 21. Qf3 a6 22.
Rf2 Nec7 23. h4 Na7 24. h5 Nc6 25. h6 Bh8 26. Bc3 Nb5 27. Nb1 Qe4 28. Qxe4 fxe4
29. Nb2 e6 30. Na4  0-1

[Event "NOE Landesliga 2017/2018"]
[Site "verschiedene"]
[Date "2018.04.15"]
[Round "11"]
[Board "4"]
[White "Gasa, Andrej"]
[Black "Danner, Lambert"]
[Result "1-0"]
[WhiteElo "2259"]
[BlackElo "2039"]
[PlyCount "99"]
[EventDate "2017.10.01"]
[EventType "team"]
[EventRounds "11"]
[EventCountry "AUT"]
[WhiteTeam "SV Mistelbach"]
[BlackTeam "KSV Boehlerwerk"]

1. e4 Nf6 2. e5 Nd5 3. d4 d6 4. Nf3 Bg4 5. Be2 c6 6. exd6 exd6 7. h3 Bf5 8. O-O
Be7 9. c4 Nf6 10. Nc3 d5 11. Qb3 Qb6 12. c5 Qxb3 13. axb3 Nbd7 14. b4 O-O 15.
b5 cxb5 16. Bxb5 a6 17. Ba4 Rfd8 18. Re1 Kf8 19. Bf4 Rac8 20. g4 Be4 21. Nd2
Nb8 22. Ndxe4 dxe4 23. Rad1 Nd5 24. Nxd5 Rxd5 25. Rxe4 Nc6 26. Bxc6 Rxc6 27.
Rde1 Re6 28. Rxe6 fxe6 29. Be5 Kf7 30. f4 Bf6 31. Re4 Bxe5 32. fxe5 Ke7 33. Kf2
Rd8 34. Ke3 a5 35. Kd3 b6 36. Kc4 bxc5 37. dxc5 Rd2 38. b3 Rc2+ 39. Kb5 Rc3 40.
b4 axb4 41. Rxb4 Kd7 42. Kb6 Rxh3 43. Rd4+ Kc8 44. Kc6 h5 45. gxh5 Rxh5 46. Rf4
Kd8 47. Kd6 Ke8 48. Kxe6 Rh6+ 49. Kd5 g5 50. Rf6  1-0

[Event "NOE Landesliga 2017/2018"]
[Site "verschiedene"]
[Date "2018.04.15"]
[Round "11"]
[Board "1"]
[White "Weinzettl, Ernst"]
[Black "Schmidrathner, Christian"]
[Result "1/2-1/2"]
[WhiteElo "2278"]
[BlackElo "2074"]
[PlyCount "72"]
[EventDate "2017.10.01"]
[EventType "team"]
[EventRounds "11"]
[EventCountry "AUT"]
[WhiteTeam "ASVOE VHS Poechlarn"]
[BlackTeam "SG Bisamberg/Korneuburg"]

1. d3 d6 2. g3 Nf6 3. Bg2 g6 4. e4 c5 5. Ne2 Bg7 6. c3 O-O 7. O-O Nc6 8. h3 d5
9. Qc2 dxe4 10. dxe4 Be6 11. Be3 b6 12. Nd2 Ne5 13. Nf4 Bc8 14. Rfd1 Qc7 15.
Nd5 Nxd5 16. exd5 Bf5 17. Ne4 Nc4 18. Bf4 Be5 19. Bxe5 Qxe5 20. Qe2 Bxe4 21. f4
Bf3 22. Qxf3 Qe3+ 23. Qxe3 Nxe3 24. Rd3 Nxg2 25. Kxg2 Rfd8 26. Re1 Rd7 27. c4
e6 28. Red1 Rad8 29. Kf3 f5 30. g4 exd5 31. cxd5 Kf7 32. gxf5 gxf5 33. d6 Ke6
34. Re3+ Kf6 35. Red3 Ke6 36. Re3+ Kf6  1/2-1/2

[Event "NOE Landesliga 2017/2018"]
[Site "verschiedene"]
[Date "2018.04.15"]
[Round "11"]
[Board "2"]
[White "Reinwald, Patrick"]
[Black "Loeffler, Stefan"]
[Result "1/2-1/2"]
[WhiteElo "2177"]
[BlackElo "2372"]
[PlyCount "34"]
[EventDate "2017.10.01"]
[EventType "team"]
[EventRounds "11"]
[EventCountry "AUT"]
[WhiteTeam "SG Bisamberg/Korneuburg"]
[BlackTeam "ASVOE VHS Poechlarn"]

1. e4 c6 2. d4 d5 3. Nd2 h6 4. Ngf3 dxe4 5. Nxe4 Bf5 6. Ng3 Bh7 7. Bd3 Bxd3 8.
Qxd3 e6 9. O-O Nd7 10. Re1 Ngf6 11. c4 Be7 12. Bd2 O-O 13. Bc3 a6 14. a4 a5 15.
Rad1 Re8 16. Qe2 Qc7 17. Ne5 Bf8  1/2-1/2

[Event "NOE Landesliga 2017/2018"]
[Site "verschiedene"]
[Date "2018.04.15"]
[Round "11"]
[Board "3"]
[White "Ganaus, Hannes"]
[Black "Wetscherek, Gerhard"]
[Result "1-0"]
[WhiteElo "2239"]
[BlackElo "2041"]
[PlyCount "121"]
[EventDate "2017.10.01"]
[EventType "team"]
[EventRounds "11"]
[EventCountry "AUT"]
[WhiteTeam "ASVOE VHS Poechlarn"]
[BlackTeam "SG Bisamberg/Korneuburg"]

1. Nf3 d6 2. d4 Bg4 3. Nbd2 g6 4. e4 Bg7 5. c3 c6 6. h3 Bxf3 7. Qxf3 Qc7 8. Bc4
Nf6 9. Bb3 a5 10. a4 O-O 11. O-O Nbd7 12. Re1 e5 13. dxe5 dxe5 14. Nf1 Nc5 15.
Bc2 Ne6 16. Be3 Rfd8 17. Bb3 Rd6 18. Red1 Rad8 19. Rxd6 Rxd6 20. Nd2 b5 21. g3
h6 22. Bxe6 Rxe6 23. Qe2 b4 24. cxb4 axb4 25. Qc4 Bf8 26. Nb3 c5 27. a5 Re8 28.
a6 Nd7 29. Qb5 Rb8 30. Qa4 c4 31. a7 Ra8 32. Rc1 c3 33. bxc3 bxc3 34. Qb5 Be7
35. Qd5 Rxa7 36. Bxa7 Qxa7 37. Rxc3 Kg7 38. Rd3 Nc5 39. Qxe5+ Kh7 40. Nxc5 Bxc5
41. Qf6 Bf8 42. Qd4 Bc5 43. Qb2 Qe7 44. Rf3 Kg8 45. Qf6 Qc7 46. Kg2 Bf8 47. Qd4
Bg7 48. Qd5 h5 49. Rb3 Qe7 50. Rb8+ Bf8 51. Rb7 Qf6 52. h4 Bh6 53. Rb8+ Bf8 54.
Qd8 Qg7 55. e5 Qh6 56. f4 Qg7 57. Qe8 Qh6 58. Rb7 g5 59. Qxf7+ Kh8 60. e6 gxh4
61. Rb8  1-0